000 00543 a2200205 4500
005 20240529142300.0
010 _aB-759248
020 _a9789357942850
_c150.00
035 _aB-759248
037 _bGift
082 _aS
100 _aKhan, Tanvir
_967046
245 _aAkbar Birbal Tales/
_cTanvir Khan
260 _aNew Delhi
_bGopu Books
_c2020
270 _aF-2/16 Ansari Road Darya ganj
_bNew Delhi
_e110002
300 _a72 p.
_c18 cm(Pb)
700 _967043
942 _adpl
_cCH
_2ddc
_hS
_mKHA
999 _c203364
_d203364